| 000 | 01482nam a2200277 a 4500 | ||
|---|---|---|---|
| 001 | 000482929 | ||
| 003 | AM-YeHGA | ||
| 005 | 20250618072612.0 | ||
| 008 | 060404s1923 ai 000 | arm d | ||
| 040 | _aAM-YeHGA | ||
| 041 | 1 | _aarm | |
| 245 | 1 | 0 |
_aԱստվածաշունչը հավատացյալների յեվ վոչ-հավատացյալների համար / _cՅեմ. Յարոսլավսկի. |
| 246 | 1 | _aԱստվածաշունչը հավատացողների ու անհավատների համար | |
| 260 |
_aՅերևան : _bՀ.Կ.Կ.Կ.Կ. հրատ., _c1923. |
||
| 300 |
_aՄաս ; _c27 սմ. |
||
| 504 | _aՀավելված՝ էջ 77-82 (Մաս 1) | ||
| 505 | 0 | 0 |
_gՄաս 1. (Յերևան, Հ.Կ.Կ.Կ.Կ. հրատ., 1923, 82 էջ) : _tԱշխարհի ստեղծագործությունը / _rԹարգմ.՝ Յե. Չուբար, Ա. Աթայան _gՄաս 2 ( Լենինական, Պետհրատ, 1925) : _tԾննդոց գիրք / _rՀՍԽՀ; Թարգմ.՝ Հ. Սառիկյան |
| 650 | 1 | 4 | _aԱշխարհի ստեղծումը և էվոլյուցիան |
| 650 | 1 | 4 | _aԱստվածաբանություն |
| 650 | 1 | 4 |
_aԱթեիզմ _95002 |
| 700 | 1 |
_aՉուբար, Եղիա Գասպարի, _d1897-1938 _eթարգմ. _4trl _9879 |
|
| 700 | 1 |
_aԱթայան, Ա. _eթարգմ. _4trl |
|
| 700 | 1 |
_aՍառիկյան, Հ. _eթարգմ. _4trl _95003 |
|
| 710 | 2 |
_aՀայաստանի Սոցիալիստական Խորհրդային Հանրապետություն _94724 |
|
| 090 | _c178972 | ||
| 999 |
_c177527 _d177527 |
||